Lịch sử nâng cao 12
Saved in:
| Main Author: | |
|---|---|
| Other Authors: | |
| Format: | Book |
| Language: | Undetermined |
| Published: |
H.
Giáo dục
2008
|
| Subjects: | |
| Online Access: | http://lrc.tdmu.edu.vn/opac/search/detail.asp?aID=2&ID=5430 |
| Tags: |
Add Tag
No Tags, Be the first to tag this record!
|
| Institutions: | Trung tâm Học liệu Trường Đại học Thủ Dầu Một |
|---|
| LEADER | 00639nam a2200205Ia 4500 | ||
|---|---|---|---|
| 001 | TDMU_5430 | ||
| 008 | 210410s9999 xx 000 0 und d | ||
| 082 | |a 900.71 | ||
| 090 | |b PH105 | ||
| 100 | |a Phan, Ngọc Liên | ||
| 245 | 0 | |a Lịch sử nâng cao 12 | |
| 245 | 0 | |c Phan Ngọc Liên | |
| 260 | |a H. | ||
| 260 | |b Giáo dục | ||
| 260 | |c 2008 | ||
| 300 | |a 296tr. | ||
| 650 | |a Sách lớp 12 |v Giáo viên; Lịch sử |x Dạy và học | ||
| 700 | |a Vũ, Dương Ninh | ||
| 856 | |u http://lrc.tdmu.edu.vn/opac/search/detail.asp?aID=2&ID=5430 | ||
| 980 | |a Trung tâm Học liệu Trường Đại học Thủ Dầu Một | ||